Hmotnostná spektrometria Tabuľky

Bibliographic Details
Main Author: Kuruc, Jozef, 1951- (Author)
Format: Book
Language:Slovak
PhysicalDescription:55 s., 4,49 AH, 3,50 VH Tab., lit. 47 zázn. v angl., nem., ruš. a slov. 20 cm
Published: Bratislava SLOVKOM SERVIS 1994
ISBN:8096713507
Edition:1. vyd.
Series:Edícia chemickej literatúry
Subjects:

MARC

LEADER 00000nam a2200000 a 4500
001 vtls001074826
003 SK-MaSNL
005 20260413115309.0
008 250414s1994 xo 0 slo
015 |a SNBA1994/04 
020 |a 8096713507 
035 |a SNK000017658 
040 |a SNK  |b slo  |c SNK  |e AACR2 
041 0 |a slo 
044 |a xo  |c SK 
080 |a 543.42(083.53)  |2 1981 
100 1 |a Kuruc, Jozef,  |d 1951-  |4 aut  |9 218877 
245 1 0 |a Hmotnostná spektrometria  |b Tabuľky  |c Jozef Kuruc 
250 |a 1. vyd. 
260 |a Bratislava  |b SLOVKOM SERVIS  |c 1994  |e Bratislava  |f Edičné stredisko UK 
300 |a 55 s., 4,49 AH, 3,50 VH  |b Tab., lit. 47 zázn. v angl., nem., ruš. a slov.  |c 20 cm 
490 0 |a Edícia chemickej literatúry 
655 7 |a tabuľky  |2 SNK  |9 70234 
852 |a Slovenská národná knižnica 
919 |a 80-967135-0-7 
954 |a spektrometria hmotnostná 
958 |a RM 
958 |a NB 
999 |c 705293  |d 707223 
952 |t P60, <04>, [BOOK], {604}  |a SNK  |b SNK  |y VYP  |7 0  |p 17A0196223  |o snkSC 85626 D1  |0 0  |1 0  |4 0  |d 1999-06-23  |l 0  |r 2004-12-31 00:00:00  |w 2026-02-23 
952 |a SNK  |b SNK  |y PREZ  |7 0  |p 17A0996184  |o snkSC 85626  |0 0  |1 0  |4 0  |d 2012-08-15  |l 0  |r 2026-02-23 21:13:36  |w 2026-02-23